000
00333nam a2200145Ia 4500
003
OSt
008
191201s2012 xx 000 0 und d
082
_a
658.3
_b
PRS
100
_a
PRASAD, Kesho
245
0
_a
Strategic Human Resource Development
260
_a
New Delhi
_b
PHI
_c
2012
300
_a
408
650
_a
MBA
942
_2
ddc
_c
BK
999
_c
5150
_d
5150